| 000 | 01291nam a2200265 a 4500 | ||
|---|---|---|---|
| 001 | |||
| 003 | DO-SdBNP | ||
| 005 | 20220202125932.0 | ||
| 008 | 130305s2012 dr ad r 000 0 spa d | ||
| 020 | _a9789945131604 | ||
| 040 |
_aDO-SdBNP _bspa _cBPMSU |
||
| 082 |
_a352.34 _bR426m 2012 _222 |
||
| 110 | 2 |
_aRepública Dominicana. _bMinisterio de Economía, Planificación y Desarrollo |
|
| 245 | 1 | 0 |
_aMinisterio de economía, planificación y desarrollo : _bsu contribución a la gestión de gobierno 2004-2012. |
| 260 |
_aSanto Domingo : _bMEPyD, _c2012. |
||
| 300 |
_a165 p. : _bil., gráfcs., tabls. ; _c23 cm. |
||
| 505 | _aCrisis de 2003 y restauración de estabilidad macroeconómica 21 – La nueva institucional 47 – Ministerio de Economía, Planificación y Desarrollo 57 – El Sistema Nacional de Planificación e Inversión Pública 93 – Los instrumentos de la planificación 113 – Cooperación Internacional 141 – Desafíos Pendientes | ||
| 590 | _aInventariado, 2022/VM | ||
| 650 | 4 |
_aGestión pública _zRepública Dominicana |
|
| 650 | 4 |
_aPlanificación estratégica _zRepública Dominicana _x |
|
| 650 | 4 |
_aInstituciones públicas _zRepública Dominicana |
|
| 651 | 4 |
_aRepública Dominicana _xPolítica económica _x |
|
| 910 | _a VMateo V. | ||
| 942 |
_2ddc _cBK |
||
| 999 |
_c13999 _d13999 |
||